[Event "Yerevan op 1st"]
[Site "Yerevan"]
[Date "2016.10.10"]
[Round "9"]
[White "Kocharyan, Hovik"]
[Black "Yeremyan, Alen"]
[Result "1-0"]
[WhiteElo "2128"]
[BlackElo "1855"]
[PlyCount "101"]
[EventDate "2016.10.02"]
[EventType "swiss"]
[EventRounds "9"]
[EventCountry "ARM"]
[SourceTitle "EXT 2017"]
[Source "ChessBase"]
[SourceDate "2016.10.25"]
[SourceVersion "1"]
[SourceVersionDate "2016.10.25"]
[SourceQuality "1"]

1. d4 Nf6 2. c4 g6 3. Nc3 Bg7 4. e4 d6 5. f3 0-0 6. Bg5 h6 7. Be3 c5 8. d5 e6 9. Qd2 exd5 10. cxd5 Kh7 11. g4 Nfd7 12. h4 Ne5 13. h5 g5 14. Be2 Bd7 15. a4 Na6 16. Nh3 Bf6 17. Nf2 Rg8 18. 0-0 Nb4 19. Kg2 Qc8 20. Rfc1 b6 21. Nh1 a6 22. Ng3 Qc7 23. Bf2 Qb7 24. Nd1 b5 25. a5 Nc4 26. Bxc4 bxc4 27. Rxc4 Bb5 28. Rc3 Bxc3 29. Qxc3 Nd3 30. Nf5 Nf4+ 31. Kh1 Bd7 32. Nde3 Bxf5 33. Nxf5 Qb8 34. Qf6 Qf8 35. Nxd6 Ra7 36. Bxc5 Rc7 37. Qf5+ Kg7 38. Qe5+ Kh7 39. Qf5+ Kg7 40. Bd4+ f6 41. Ne8+ Qxe8 42. Bxf6+ Kf8 43. Bxg5+ Rf7 44. Bxh6+ Rgg7 45. Bxg7+ Kxg7 46. Qg5+ Kh7 47. Qh4 Qb5 48. g5 Qe2 49. g6+ Kh6 50. Qg4 Rf6 51. g7 1-0

[Event "ARM-ch 1st League 76th"]
[Site "Yerevan"]
[Date "2015.09.02"]
[Round "12"]
[White "Shahinyan, David"]
[Black "Kocharyan, Hovik"]
[Result "1-0"]
[WhiteElo "2457"]
[BlackElo "2117"]
[PlyCount "93"]
[EventDate "2015.08.21"]
[EventType "tourn"]
[EventRounds "13"]
[EventCountry "ARM"]
[EventCategory "6"]
[SourceTitle "EXT 2016"]
[Source "ChessBase"]
[SourceDate "2015.10.08"]
[SourceVersion "1"]
[SourceVersionDate "2015.10.08"]
[SourceQuality "1"]

1. Nf3 d5 2. g3 Nf6 3. Bg2 g6 4. c4 Bg7 5. cxd5 0-0 6. Nc3 Nxd5 7. 0-0 c5 8. Qa4 Nb6 9. Qa3 c4 10. d3 Qd6 11. Qxd6 exd6 12. dxc4 Nxc4 13. Nd2 Nxd2 14. Bxd2 Nc6 15. Bf4 Be5 16. Rfd1 Bg4 17. Rd2 Na5 18. Ne4 Nc4 19. Bxe5 dxe5 20. Rc2 Be6 21. Nc5 Nd6 22. Nxe6 fxe6 23. Rd1 Rfd8 24. Rcd2 Nf7 25. Bxb7 Rxd2 26. Rxd2 Rb8 27. Rd7 Kg7 28. b4 Kf6 29. b5 e4 30. Bc6 Ne5 31. Rxa7 Nxc6 32. bxc6 Rb1+ 33. Kg2 Rc1 34. Rxh7 Rxc6 35. Ra7 Rc2 36. e3 g5 37. h3 Kf5 38. g4+ Ke5 39. a4 Ra2 40. a5 Ra1 41. a6 Ra2 42. Ra8 Ra1 43. a7 Ra2 44. h4 gxh4 45. g5 Kf5 46. Rf8+ Kg4 47. a8Q 1-0

[Event "ARM-ch 1st League 76th"]
[Site "Yerevan"]
[Date "2015.09.01"]
[Round "11"]
[White "Kocharyan, Hovik"]
[Black "Hayrapetyan, Hovik"]
[Result "0-1"]
[WhiteElo "2117"]
[BlackElo "2467"]
[PlyCount "72"]
[EventDate "2015.08.21"]
[EventType "tourn"]
[EventRounds "13"]
[EventCountry "ARM"]
[EventCategory "6"]
[SourceTitle "EXT 2016"]
[Source "ChessBase"]
[SourceDate "2015.10.08"]
[SourceVersion "1"]
[SourceVersionDate "2015.10.08"]
[SourceQuality "1"]

1. e4 c5 2. Nf3 e6 3. Nc3 a6 4. d4 cxd4 5. Nxd4 Qc7 6. Be2 Nf6 7. 0-0 Nc6 8. Nxc6 bxc6 9. Bg5 d5 10. Bxf6 gxf6 11. exd5 cxd5 12. Re1 Be7 13. Bf3 Bb7 14. Qe2 Rd8 15. Rad1 Kf8 16. Qd2 Rg8 17. Ne2 Kg7 18. Nd4 Kh8 19. g3 f5 20. Bg2 Bf6 21. c3 Rg7 22. f4 h5 23. Re3 h4 24. Kf2 Rdg8 25. Qd3 Rg6 26. Bf3 R8g7 27. Rg1 Qb6 28. Be2 Bc8 29. b4 e5 30. fxe5 f4 31. exf6 fxe3+ 32. Qxe3 Rxf6+ 33. Bf3 Bg4 34. gxh4 Bxf3 35. Rxg7 Be4+ 36. Ke1 Kxg7 0-1

[Event "ARM-ch 1st League 76th"]
[Site "Yerevan"]
[Date "2015.08.30"]
[Round "10"]
[White "Harutyunian, Tigran K"]
[Black "Kocharyan, Hovik"]
[Result "1-0"]
[WhiteElo "2472"]
[BlackElo "2117"]
[PlyCount "66"]
[EventDate "2015.08.21"]
[EventType "tourn"]
[EventRounds "13"]
[EventCountry "ARM"]
[EventCategory "6"]
[SourceTitle "EXT 2016"]
[Source "ChessBase"]
[SourceDate "2015.10.08"]
[SourceVersion "1"]
[SourceVersionDate "2015.10.08"]
[SourceQuality "1"]

1. c4 e6 2. g3 d5 3. Bg2 Nf6 4. Nf3 c5 5. 0-0 Be7 6. cxd5 Nxd5 7. d4 0-0 8. e4 Nb6 9. Nc3 Nc6 10. d5 exd5 11. exd5 Nb4 12. Ne1 Bf6 13. Be3 Bxc3 14. bxc3 N4xd5 15. Bxc5 Re8 16. Bd4 Be6 17. a4 Rc8 18. a5 Nc4 19. Nd3 Nxa5 20. Nc5 b6 21. Nxe6 fxe6 22. Qh5 e5 23. Bxe5 g6 24. Qe2 Nxc3 25. Qe3 Qe7 26. Rfe1 Nc4 27. Qxc3 Nxe5 28. Qd4 Rcd8 29. Bd5+ Kf8 30. Qf4+ Kg7 31. Rxe5 Qxe5 32. Rxa7+ Kh8 33. Qf7 Rc8 1-0

[Event "ARM-ch 1st League 76th"]
[Site "Yerevan"]
[Date "2015.08.21"]
[Round "1"]
[White "Torosyan, Norayr"]
[Black "Kocharyan, Hovik"]
[Result "1-0"]
[WhiteElo "2313"]
[BlackElo "2117"]
[PlyCount "60"]
[EventDate "2015.08.21"]
[EventType "tourn"]
[EventRounds "13"]
[EventCountry "ARM"]
[EventCategory "6"]
[SourceTitle "EXT 2016"]
[Source "ChessBase"]
[SourceDate "2015.10.08"]
[SourceVersion "1"]
[SourceVersionDate "2015.10.08"]
[SourceQuality "1"]

1. e4 c5 2. Nf3 Nc6 3. Nc3 g6 4. d4 cxd4 5. Nxd4 Bg7 6. Be3 d6 7. Qd2 Nf6 8. f3 0-0 9. 0-0-0 Bd7 10. g4 Rc8 11. h4 Ne5 12. h5 Qa5 13. Nb3 Qc7 14. Be2 b5 15. Kb1 b4 16. Nd5 Nxd5 17. exd5 Rfe8 18. Bd4 a5 19. hxg6 fxg6 20. f4 a4 21. Na1 Nc4 22. Qxb4 Bxd4 23. Rxd4 Nxb2 24. Qxb2 Rb8 25. Nb3 axb3 26. axb3 Bb5 27. Bxb5 Rxb5 28. f5 Rf8 29. fxg6 hxg6 30. Rf4 Qd8 1-0